00866nam a2200181 a 4500999001700000041001200017082001200029100007200041245018000113260006600293300001400359536004600373650005200419650005100471650002600522942001200548952012400560 c26963d26963 aEnglish aRS.08291 aSapkale, Jagdish BhagwatuShivaji UniversityvKolhapur, Maharashtra 4aThe socio-economic and environmental effect of Chandoli (Warna) Dam and the problem of displaced people :bA case study of Warna basin, Maharashtra / cJagdish Bhagwat Sapkale aNew Delhi :bIndian Council oF Social Science Research,c2016 aix, 218p. aIndian Council of Social Science Research aSocial and Economic AspectszIndiazMaharashtra aSocio-economic conditions-Chandoli (Warna) Dam aEnvironmental effects 2ddccRP 001040718MRPaNASSDOCbNASSDOCd2021-11-29eGifted by: RP Division ICSSRl0oRS.0829p51790r2021-12-03 00:00:00yRP